Paradoxy znalostního managementu
Faktory, ktoré môžu brániť organizácii v rozvoji znalostí. Globalizácia a zvýšené riziko ekonomickej kriminality. Znalostný šum. Zastarávanie a strata znalostí. Znalostné bariéry.
Gespeichert in:
| 1. Verfasser: | |
|---|---|
| Format: | Buchkapitel |
| Sprache: | Tschechisch |
| Schlagworte: | |
| Tags: |
Keine Tags, Fügen Sie das erste Tag hinzu!
|
MARC
| LEADER | 00000naa$a2200000$$$4500 | ||
|---|---|---|---|
| 001 | 0079254 | ||
| 005 | 20231213141253.5 | ||
| 041 | 0 | |a cze | |
| 044 | |a CZ | ||
| 245 | 1 | 0 | |a Paradoxy znalostního managementu |c Zdeněk Častorál |
| 520 | |a Faktory, ktoré môžu brániť organizácii v rozvoji znalostí. Globalizácia a zvýšené riziko ekonomickej kriminality. Znalostný šum. Zastarávanie a strata znalostí. Znalostné bariéry. | ||
| 610 | 2 | 0 | |a organizácie vedomostné |
| 610 | 2 | 0 | |a manažment |
| 610 | 2 | 0 | |a zamestnanci |
| 610 | 2 | 0 | |a vedomosti |
| 610 | 2 | 0 | |a globalizácia hospodárstva |
| 610 | 2 | 0 | |a kriminalita |
| 610 | 2 | 0 | |a komunikácia |
| 610 | 2 | 0 | |a informácie |
| 100 | 1 | |a Častorál, Zdeněk | |